000 00349nam a2200157Ia 4500
003 OSt
005 20231120050934.0
008 170524s9999 xx 000 0 und d
020 _a81-7224-072-4
040 _cIIMT
100 _aBakhru- H.k.
245 0 _aDiet cure for common Aliments
260 _bJaico Pub.
260 _c2002
942 _2ddc
_c02
999 _c6545
_d6545